000 00640nam a2200157Ia 4500
008 100122s9999 xx 000 0 und d
082 _b44909
_a820.9
100 _aकुलकर्णी व दि
245 _aविज्ञान साहित्य आणि स्ं कल्पना
260 _bनीहारा प्रकाशन
_c1990
300 _a131
630 _aविज्ञान साहित्य आणि स्ं कल्पना
700 _aघाटे निरंजन
730 _aविज्ञान साहित्य आणि स्ं कल्पना
942 _cBOOK
999 _c424568
_d424565